Medical anthropology quarterly
Saved in:
| Corporate Author: | |
|---|---|
| Format: | Serial |
| Language: | English |
| Published: |
Washington, D.C. :
Society for Medical Anthropology,
c1983-
|
| Subjects: | |
| Tags: |
Add Tag
No Tags, Be the first to tag this record!
|
MARC
| LEADER | 00000nas a2200000 i 4500 | ||
|---|---|---|---|
| 001 | 1/41303 | ||
| 008 | 030925c19839999us r r 0 |eng|| | ||
| 022 | |a 0745-5194 | ||
| 035 | |l 10070967 | ||
| 040 | |a GR-MY-UA |b gre |e aacr | ||
| 041 | 0 | |a eng | |
| 082 | 0 | |a 306.05 |2 (20) | |
| 245 | 1 | 0 | |a Medical anthropology quarterly |h [περιοδικό] |
| 260 | |a Washington, D.C. : |b Society for Medical Anthropology, |c c1983- | ||
| 300 | |a v. ; |c 23 εκ. | ||
| 310 | |a Τριμηνιαίο | ||
| 500 | |a An international journal for the analysis of health. | ||
| 650 | 0 | 0 | |a Medical anthropology |x Periodicals. |
| 650 | 0 | 0 | |a Anthropology |x Periodicals. |
| 710 | 2 | |a Society for Medical Anthropology. | |
| 853 | |a INST |b LESVOS |c SER |h 306.05 | ||
| 901 | |a BIBL1-2003-2 | ||
| 922 | |a 1ΕΛΗ |b 198801 |c ΤΜΗΜΑ ΚΟΙΝΩΝΙΚΗΣ ΑΝΘΡΩΠΟΛΟΓΙΑΣ |d SWETS | ||
| 970 | |a ΤΖΑΦΕΡΗ |b ΕΥΑΓΓΕΛΙΑ |z 2003/09/25 | ||